Riziká decentralizácie verejnej správy v období krízy

Decentralizačné trendy v historickom kontexte. Podstata fiškálnej decentralizácie. Fiškálna decentralizácia v krajinách Európskej únie. Vybrané pomerové ukazovatele fiškálnej decentralizácie. Možné vplyvy krízy na decentralizáciu verejnej správy.

Guardado en:
Detalles Bibliográficos
Autor principal: Neubauerová, Erika, 1968-
Formato: Capítulo de libro
Lenguaje:eslovaco
Materias:
Etiquetas: Agregar Etiqueta
Sin Etiquetas, Sea el primero en etiquetar este registro!

MARC

LEADER 00000nla a2200000 4500
001 0183168
005 20240502073130.7
041 0 |a slo 
044 |a SK 
245 1 0 |a Riziká decentralizácie verejnej správy v období krízy  |c Erika Neubauerová 
520 |a Decentralizačné trendy v historickom kontexte. Podstata fiškálnej decentralizácie. Fiškálna decentralizácia v krajinách Európskej únie. Vybrané pomerové ukazovatele fiškálnej decentralizácie. Možné vplyvy krízy na decentralizáciu verejnej správy. 
610 2 0 |a správa verejná 
610 2 0 |a decentralizácia fiškálna 
610 2 0 |a politika fiškálna 
610 2 0 |a financie verejné 
610 2 0 |a kríza 
610 2 0 |a Európska únia 
100 1 |a Neubauerová, Erika, 1968-